header

Social network analysis : (Record no. 88949)

MARC details
000 -LEADER
fixed length control field 01836nam a2200373 i 4500
001 - CONTROL NUMBER
control field ebr10834549
003 - CONTROL NUMBER IDENTIFIER
control field CaPaEBR
006 - FIXED-LENGTH DATA ELEMENTS--ADDITIONAL MATERIAL CHARACTERISTICS--GENERAL INFORMATION
fixed length control field m o d
007 - PHYSICAL DESCRIPTION FIXED FIELD--GENERAL INFORMATION
fixed length control field cr cn|||||||||
008 - FIXED-LENGTH DATA ELEMENTS--GENERAL INFORMATION
fixed length control field 140210s2014 iluad ob 001 0 eng|d
020 ## - INTERNATIONAL STANDARD BOOK NUMBER
Cancelled/invalid ISBN 9781608058198
International Standard Book Number 9781608058181 (e-book)
040 ## - CATALOGING SOURCE
Original cataloging agency CaPaEBR
Language of cataloging eng
Description conventions rda
-- pn
Transcribing agency CaPaEBR
035 ## - SYSTEM CONTROL NUMBER
System control number (OCoLC)872685632
050 14 - LIBRARY OF CONGRESS CALL NUMBER
Classification number HM741
Item number .K33 2014eb
100 1# - MAIN ENTRY--PERSONAL NAME
Personal name Kadry, Seifedine.
245 10 - TITLE STATEMENT
Title Social network analysis :
Remainder of title an introduction with an extensive implementation to a large-scale online network using Pajek /
Statement of responsibility, etc authored by Seifedine Kadry, School of Engineering, American University of the Middle East, Kuwait ; co-author, Mohammed Z. Al-Taie, Computer Science Department, Al-Salam University College in Baghdad, Iraq.
264 #1 - PRODUCTION, PUBLICATION, DISTRIBUTION, MANUFACTURE, AND COPYRIGHT NOTICE
Place of production, publication, distribution, manufacture Oak Park, IL :
Name of producer, publisher, distributor, manufacturer Bentham Science Publishers,
Date of production, publication, distribution, manufacture, or copyright notice [2014?]
300 ## - PHYSICAL DESCRIPTION
Extent 1 online resource (130 pages) :
Other physical details illustrations (some color)
336 ## - CONTENT TYPE
Content type term text
Source rdacontent
337 ## - MEDIA TYPE
Media type term computer
Source rdamedia
338 ## - CARRIER TYPE
Carrier type term online resource
Source rdacarrier
504 ## - BIBLIOGRAPHY, ETC. NOTE
Bibliography, etc Includes bibliographical references and index.
505 0# - FORMATTED CONTENTS NOTE
Formatted contents note part I. Fundamentals -- part II. Methodology and implementation.
588 ## - SOURCE OF DESCRIPTION NOTE
Source of description note Description based on online resource; title from PDF title page (ebrary, viewed February 10, 2014).
590 ## - LOCAL NOTE (RLIN)
Local note Electronic reproduction. Palo Alto, Calif. : ebrary, 2014. Available via World Wide Web. Access may be limited to ebrary affiliated libraries.
630 00 - SUBJECT ADDED ENTRY--UNIFORM TITLE
Uniform title Pajek (Electronic resource)
650 #0 - SUBJECT ADDED ENTRY--TOPICAL TERM
Topical term or geographic name as entry element Social networks
General subdivision Mathematical models.
Topical term or geographic name as entry element Social networks
General subdivision Computer simulation.
655 #0 - INDEX TERM--GENRE/FORM
Genre/form data or focus term Electronic books.
700 1# - ADDED ENTRY--PERSONAL NAME
Personal name Al-Taie, Mohammed Z.
797 2# - LOCAL ADDED ENTRY--CORPORATE NAME (RLIN)
Corporate name or jurisdiction name as entry element ebrary.
856 40 - ELECTRONIC LOCATION AND ACCESS
Uniform Resource Identifier <a href="http://site.ebrary.com/lib/rucke/Doc?id=10834549">http://site.ebrary.com/lib/rucke/Doc?id=10834549</a>
Public note An electronic book accessible through the World Wide Web; click to view

No items available.

© 2026 Rongo University
Contact us: librarian | system librarian | Rongo university